000 00443nam a2200169 a 4500
005 20140310183507.0
008 100918s19uu xx 00 eng d
020 _a0373098863
050 _aPZ 7
_b.R577 1994
100 _aRimmer, Christine
245 _aMan of the mountain.
_cChristine Rimmer
260 _aNew York :
_bSilhoutte Books,
_c1994.
300 _a251 p. :
_c17 cm.
650 _aFiction
942 _cBK
_2lcc
999 _c24091
_d24091